000 00769nam a22002057a 4500
003 JO-AjAnu
005 20251104124319.0
008 251104b jo ||||| |||| 00| 0 ara d
040 _aJO-AjAnu
_bara
_cJO-AjAnu
_dJO-AjAnu
_erda
041 _aara
_hara
050 _aLA1471.
_bT3422 1998
100 1 _aالتل، احمد يوسف
_eمؤلف
_957671
245 0 _aالتعليم العالي في الاردن /
_cاحمد يوسف التل
260 _aعمان :
_bمنشورات لجنة تاريخ الاردن،
_c1998
300 _a518 صفحة
490 _aلجنة تاريخ الاردن ؛57
504 _aيحتوي على كشاف وقائمة مصادر ومراجع
650 7 0 _aالتعليم العالي-الاردن
_966925
942 _2lcc
_cBK
_n0
999 _c34156
_d34156